| 000 | 00000nam##2200000za#4500 |
| 001 | 9.531235 |
| 003 | CaOODSP |
| 005 | 20220328113237 |
| 007 | ta |
| 008 | 150406|1998||||xxc||||| f|0| 0 fre|d |
| 020 | |a0-662-63794-1 |
| 040 | |aCaOODSP|bfre |
| 041 | |aeng |
| 041 | |afre |
| 043 | |an-cn--- |
| 086 | 1 |aC21-27/1-1998-4 |
| 110 | 1 |aCanada. |bIndustrie Canada. |
| 245 | 10|aLes tendances démographiques au Canada, 1996-2006 : |bles répercussions sur les secteurs public et privé / |cpar David K. Foot, Richard A. Loreto et Thomas W. McCormack. |
| 260 | |aOttawa - Ontario : |bIndustrie Canada |c1998. |
| 300 | |aTexte français, 58p. : |bgraphiques, références, tableaux ; |c23 cm. |
| 490 | 1 |aLe Canada au XXIe siècle. I, Mise en situation|vNo. 4 |
| 546 | |aBilingue |
| 563 | |aCouverture souple |
| 590 | |a99-43|b1999-10-29 |
| 691 | 07|aDémographie|2gcpds |
| 691 | 07|aSecteur privé|2gcpds |
| 691 | 07|aSecteur public|2gcpds |
| 691 | 07|aMarché du travail|2gcpds |
| 720 | 1 |aFoot, David K. |
| 720 | 1 |aLoreto, Richard A. |
| 720 | 1 |aMcCormack, Thomas W. |
| 776 | 0#|tDemographic trends in Canada, 1996-2006 : |w(CaOODSP)9.571950 |
| 776 | 0#|tLes tendances démographiques au Canada, 1996-2006 : |w(CaOODSP)9.602370 |
| 791 | |tDemographic trends in Canada, 1996-2006 : |eeng|w(CaOODSP)9.531234 |
| 830 | #0|aLe Canada au XXIe siècle. I, Mise en situation ;|vNo. 4|w(CaOODSP)9.509063 |